| 000 | 01076nam a2200181 4500 | ||
|---|---|---|---|
| 999 |
_c5454 _d5454 |
||
| 020 | _a0205057772 | ||
| 050 | _bHF5718.H85 | ||
| 100 | _aRichard C Huseman | ||
| 245 |
_areadings in interpersonal & organisational communication _cRichard C Huseman |
||
| 250 | _a3rd ed | ||
| 260 |
_aBoston _bAllyn and Bacon _cx, 595 pages |
||
| 300 | _a: illustrations ; 23 cm | ||
| 505 | _aPreface ix The nature of communication 1 Communication and organisational structure 73 Upward and downward communication 157 Communication and conflict 220 Communication, motivation and persuation 305 Communication through interviews 393 Communication in small groups 459 Communication through written-oral methods 509 Communication through listening 553 Index 587 | ||
| 650 |
_aOrganisational _xCommunication |
||
| 700 | _aCal M Logue; | ||
| 710 | _a Dwight L Freshley | ||
| 942 | _cBK | ||